<?xml version="1.0" encoding="UTF-8"?>
<marc:record xmlns:marc="http://www.loc.gov/MARC21/slim">
   <marc:leader>00000nam a2200000 a 4500</marc:leader>
   <marc:datafield ind1="1" ind2=" " tag="100">
      <marc:subfield code="a">Senge, Tina</marc:subfield>
      <marc:subfield code="4">aut</marc:subfield>
      <marc:subfield code="e">Verfasser/-in</marc:subfield>
   </marc:datafield>
   <marc:datafield ind1=" " ind2=" " tag="653">
      <marc:subfield code="a">Hauptschule</marc:subfield>
   </marc:datafield>
   <marc:datafield ind1=" " ind2=" " tag="653">
      <marc:subfield code="a">Lärm</marc:subfield>
   </marc:datafield>
   <marc:datafield ind1=" " ind2=" " tag="653">
      <marc:subfield code="a">Belastungsempfinden</marc:subfield>
   </marc:datafield>
   <marc:datafield ind1="0" ind2="0" tag="245">
      <marc:subfield code="a">Lärm im (Hauptschul-)Unterricht</marc:subfield>
   </marc:datafield>
   <marc:datafield ind1="0" ind2="0" tag="245">
      <marc:subfield code="b">Eine Studie zum subjektiven Belastungsempfinden von Schülern und Lehrern</marc:subfield>
   </marc:datafield>
   <marc:datafield ind1="0" ind2="0" tag="245">
      <marc:subfield code="c">Tina Senge</marc:subfield>
   </marc:datafield>
   <marc:datafield ind1=" " ind2="1" tag="264">
      <marc:subfield code="a">Göttingen</marc:subfield>
      <marc:subfield code="b">Optimus Mostafa</marc:subfield>
      <marc:subfield code="c">2009</marc:subfield>
   </marc:datafield>
   <marc:datafield ind1=" " ind2=" " tag="250">
      <marc:subfield code="a">1. Auflage</marc:subfield>
   </marc:datafield>
   <marc:datafield ind1="1" ind2=" " tag="520">
      <marc:subfield code="a">Tagtäglich sollen Kinder in deutschen Schulen  lernen und Lehrkräfte sollen einen guten  Unterricht leisten. Die für geistige Tätig-&lt;br/&gt;keit nach DIN empfohlenen Höchstwerte liegen  bei 35 bis 45 dB(A), tatsächlich wurden bei  Untersuchungen in Schulklassen aber Lautstär-&lt;br/&gt;ken von bis zu 80 dB gemessen. Doch woher  kommt der hohe Geräuschpegel? Und wie sehr  fühlen sich die Betroffenen davon beeinträch-&lt;br/&gt;tigt? Leidet gar die Unterrichtsqualität  unter der Lautstärke?&lt;br/&gt;Mit der Frage, wie Schüler und Lehrer den  Lärm im Unterricht wahrnehmen, befaßt sich  dieses Buch. Im Fokus der Betrachtung steht  die differenzierte Beobachtung und Messung  des Phänomens mit all seinen Ausprägungen und  Facetten. Anhand der Untersuchungsergebnisse  sollen zudem einige Handlungsempfehlungen für  die pädagogische Praxis entwickelt werden. &lt;br/&gt;Lärm im (Hauptschul-)Unterricht - ein Thema,  welches für die Autorin bis heute von persön-&lt;br/&gt;lichem Interesse ist und eine Studie, die  dieses Phänomen genauer erschließen will.&lt;br/&gt;&lt;br/&gt; </marc:subfield>
   </marc:datafield>
   <marc:datafield ind1=" " ind2=" " tag="020">
      <marc:subfield code="a">9783941274112</marc:subfield>
      <marc:subfield code="9">9783941274112</marc:subfield>
   </marc:datafield>
   <marc:datafield ind1=" " ind2=" " tag="041">
      <marc:subfield code="a">ger</marc:subfield>
   </marc:datafield>
   <marc:datafield ind1="1" ind2=" " tag="521">
      <marc:subfield code="a">0</marc:subfield>
   </marc:datafield>
   <marc:datafield ind1=" " ind2=" " tag="300">
      <marc:subfield code="a">149 Seiten</marc:subfield>
   </marc:datafield>
</marc:record>
